000 01335nam0a22003371 4500
001 rc\2305924
005 20110829141454.8
035 _a(NLR Aleph) 006669315
090 _a4973030
_c4973030
100 _a20110829d1977 |||y0rusy50 ca
101 0 _arus
102 _aRU
105 _aa z |||||
200 1 _aИнгибиторы протеолиза в хирургии детского возраста
_fН.Б. Ситковский, Г.С. Ханес, Т.А. Куценко
210 _aКиев
_cЗдоров'я
_d1977
215 _a87 с.
_cил.
_d20
225 1 _aБиблиотека практического врача
320 _aСписок лит.: с. 83-86
606 _aСепсис у детей
_xЛечение
_2rkp
606 _aХирургические болезни у детей
_xЛечение
_2rkp
606 _aПротеазы
_xИнгибирование
_2rkp
700 1 _aСитковский
_bН. Б.
_f1916-
_gНиколай Борисович
701 1 _aКуценко
_bТ. А.
_gТатьяна Андреевна
701 1 _aХанес
_bГ. С.
_gГеннадий Сандерович
801 0 _aRU
_bNLR
_gpsbo
801 1 _aRU
_bELAR
_2rusmarc
852 _aNLR
_j77-4/12059
899 _aRuMoRGB
_jБ 77-24/144
899 _aRuMoRGB
_jБ 77-24/143
942 _cBOOK
980 _aNB